Advanced engineering mathematics / (Record no. 16523)

MARC details
000 -LEADER
fixed length control field 00696nam a2200253 4500
005 - DATE AND TIME OF LATEST TRANSACTION
control field 20180906105305.0
006 - FIXED-LENGTH DATA ELEMENTS--ADDITIONAL MATERIAL CHARACTERISTICS--GENERAL INFORMATION
fixed length control field 000
007 - PHYSICAL DESCRIPTION FIXED FIELD--GENERAL INFORMATION
fixed length control field 000
008 - FIXED-LENGTH DATA ELEMENTS--GENERAL INFORMATION
fixed length control field 000
020 ## - INTERNATIONAL STANDARD BOOK NUMBER
International Standard Book Number 9780470646137
040 ## - CATALOGING SOURCE
Original cataloging agency UOEL
050 ## - LIBRARY OF CONGRESS CALL NUMBER
Classification number TA330
Item number .K73 2011
100 ## - MAIN ENTRY--PERSONAL NAME
Personal name Kreyszig, Erwin
245 ## - TITLE STATEMENT
Title Advanced engineering mathematics /
Statement of responsibility, etc by Erwin Kreyszig
250 ## - EDITION STATEMENT
Edition statement 10th ed.
260 ## - PUBLICATION, DISTRIBUTION, ETC. (IMPRINT)
Place of publication, distribution, etc Asia;
Name of publisher, distributor, etc John Wiley and Sons, Inc
Date of publication, distribution, etc c2011.
300 ## - PHYSICAL DESCRIPTION
Extent xv, 996 p. :
Other physical details ill.
440 ## - SERIES STATEMENT/ADDED ENTRY--TITLE
Title International student version
500 ## - GENERAL NOTE
General note includes index, appendix and bibliographical references
650 ## - SUBJECT ADDED ENTRY--TOPICAL TERM
Source of heading or term Advanced engineering mathematics
700 ## - ADDED ENTRY--PERSONAL NAME
Personal name Herbert Kreyszig
Personal name Edward J. Norminton
942 ## - ADDED ENTRY ELEMENTS (KOHA)
Source of classification or shelving scheme Library of Congress Classification
Item type Short Loan for 1 day
Holdings
Withdrawn status Lost status Source of classification or shelving scheme Damaged status Not for loan Home library Current library Shelving location Date acquired Total Checkouts Full call number Barcode Date last seen Date last borrowed Copy number Price effective from Koha item type
    Library of Congress Classification     UOE Main Library UOE Main Library Short Loan Area 06/09/2018 1 TA330 .K73 2011 20154996 27/04/2026 28/03/2022 20154996 06/09/2018 Short Loan for 1 day
    Library of Congress Classification     UOE Main Library UOE Main Library Short Loan Area 06/09/2018 1 TA330 .K73 2011 20154997 27/04/2026 10/03/2020 20154997 06/09/2018 Short Loan for 1 day
    Library of Congress Classification     UOE Main Library UOE Main Library Open shelf 06/09/2018   TA330 .K73 2011 20154998 27/04/2026   20154998 06/09/2018 Loan - Normal on open shelf
    Library of Congress Classification     UOE Main Library UOE Main Library Open shelf 06/09/2018 5 TA330 .K73 2011 20154999 27/04/2026 17/03/2026 20154999 06/09/2018 Loan - Normal on open shelf
    Library of Congress Classification     UOE Main Library UOE Main Library Short Loan Area 06/09/2018   TA330 .K73 2011 20155000 27/04/2026   20155000 06/09/2018 Short Loan for 1 day